Reálna konvergencia Slovenskej republiky k Európskej únii a jej postavenie v rámci krajín V4
Zhodnotenie konvergencie SR a jej porovnanie v rámci krajín V4. Ukazovatele reálnej konvergencie a stavu ekonomiky.
Saved in:
| Main Author: | |
|---|---|
| Format: | Book Chapter |
| Language: | Slovak |
| Subjects: | |
| Tags: |
No Tags, Be the first to tag this record!
|
MARC
| LEADER | 00000naa$a2200000$$$4500 | ||
|---|---|---|---|
| 001 | 0114692 | ||
| 005 | 20240502072259.3 | ||
| 041 | 0 | |a slo | |
| 044 | |a SK | ||
| 245 | 1 | 0 | |a Reálna konvergencia Slovenskej republiky k Európskej únii a jej postavenie v rámci krajín V4 |c Matej Valach |
| 520 | |a Zhodnotenie konvergencie SR a jej porovnanie v rámci krajín V4. Ukazovatele reálnej konvergencie a stavu ekonomiky. | ||
| 610 | 2 | 0 | |a Vyšehradská štvorka |
| 610 | 2 | 0 | |a konvergencia |
| 610 | 2 | 0 | |a rast hospodársky |
| 610 | 2 | 0 | |a cykly hospodárske |
| 610 | 2 | 0 | |a úroveň životná |
| 610 | 2 | 0 | |a hladina cenová |
| 610 | 2 | 0 | |a parita sily kúpnej |
| 610 | 2 | 0 | |a trh práce |
| 100 | 1 | |a Valach, Matej | |